Indian multinationals in the world economy: implications for development (Record no. 415933)

000 -LEADER
fixed length control field 00442cam a22001337a 4500
008 - FIXED-LENGTH DATA ELEMENTS--GENERAL INFORMATION
fixed length control field 180718b2008 xxu||||| |||| 00| 0 eng d
020 ## - INTERNATIONAL STANDARD BOOK NUMBER
International Standard Book Number 9788189640590
082 ## - DEWEY DECIMAL CLASSIFICATION NUMBER
Classification number T31x54 P882
100 ## - MAIN ENTRY--PERSONAL NAME
Personal name Pradhan, Jaya Prakash
245 ## - TITLE STATEMENT
Title Indian multinationals in the world economy: implications for development
Statement of responsibility, etc. by Jaya Prakash Pradhan
260 ## - PUBLICATION, DISTRIBUTION, ETC.
Place of publication, distribution, etc. New Delhi
Name of publisher, distributor, etc. Bookwell
Date of publication, distribution, etc. 2008
300 ## - PHYSICAL DESCRIPTION
Extent 263p.
650 ## - SUBJECT ADDED ENTRY--TOPICAL TERM
Topical term or geographic name entry element International business enterprises - India
Holdings
Withdrawn status Lost status Damaged status Not for loan Permanent Location Current Location Date acquired Full call number Barcode Date last seen Price effective from Koha item type
        Indian Institute of Public Administration Indian Institute of Public Administration 2009-03-17 T31x54 P882 83080 2018-07-21 2018-07-21 Book

Powered by Koha